000 00617cam a2200193 a 4500
020 _a0273015435 :
082 0 0 _a624.18341
_bHUG
_cL-19, P-67
100 1 _aHughes, B. P.
_943217
245 1 0 _aLimit state theory for reinforced concrete design :
_bSI Units /
_cB.P. Hughes.
250 _a3rd ed.
260 _aLondon :
_bPitman,
_c1980.
300 _axxiv, 697 p. :
_bill., forms ;
_c24 cm.
500 _aPrevious ed.: 1976.
526 _a0
_b0
_c0
_d624_183410000000000_HUG
650 0 _aMCE
_9379
650 0 _aPlastic analysis (Engineering)
_919041
650 0 _aReinforced concrete construction.
942 _2ddc
_cBK
999 _c547021
_d547021